00795nam a22001457a 450000500170000002000180001704100080003508200160004310000190005924501040007826000410018230000240022350503770024765000250062420260616114327.0 a9781544529905 aENG a658.4 bMCD aMcDowell, Kyle aBegin with we :b10 principles for building and sustaining a culture of excellence /cKyle McDowell aUSA :bLioncrest Publication,c2022. a321 pages ;c24 cm. a1. WE do the right thing. Always. -- 2. WE lead by example. -- 3. WE say what WE're going to do. Then WE do it. -- 4. WE take action. -- 5. WE own our mistakes. -- 6. WE pick each other up. -- 7. WE measure ourselves by outcomes, not activity. -- 8. WE challenge each other. Diplomatically. -- 9. WE embrace challenge. -- 10. WE obsess over details. Details matter. A lot. aExecutive management